Religion and Humanism (Record no. 9666)

MARC details
000 -LEADER
fixed length control field 00434nam a2200181 a 4500
020 ## - INTERNATIONAL STANDARD BOOK NUMBER
ISBN 0631700
082 00 - DEWEY DECIMAL CLASSIFICATION NUMBER
Classification number 262.0017
Author Cutter ROB
100 ## - MAIN ENTRY--AUTHOR NAME
Author name Robbins, Keith
245 ## - TITLE STATEMENT
Title Religion and Humanism
260 ## - PUBLICATION, DISTRIBUTION, ETC. (IMPRINT)
Place of publication Oxford
Name of publisher Blackwell Pub. Ltd
Year of publication 1981
300 ## - PHYSICAL DESCRIPTION
Number of Pages 365p
500 ## - GENERAL NOTE
General note includes index and biblioraphy
505 2# - FORMATTED CONTENTS NOTE
Formatted contents note Index
650 ## - SUBJECT ADDED ENTRY--TOPICAL TERM
Topical Term Church-History
650 ## - SUBJECT ADDED ENTRY--TOPICAL TERM
Topical Term Church-Renewal
942 ## - ADDED ENTRY ELEMENTS (KOHA)
Koha item type Books
700 1# -
-- Robbins, Keith
Holdings
Home library Current library Date acquired Cost, normal purchase price Full call number Accession Number Koha item type
Henry Martyn Institute Library Henry Martyn Institute Library 07/11/2007 980.00 262.0017 ROB 015018 E-Books
                   Copyright © 2026 | Henry Martyn Institute | Hyderabad | TS-500052 | INDIA | Implemented by hmi.edu.in
Hit-Count:

Powered by Koha